Proceedings of 23rd Conference on Geometry and Topology : Cluj-Napoca, September 27-29, 1993 /
Guardado en:
| Autor Corporativo: | |
|---|---|
| Otros Autores: | , |
| Formato: | Libro |
| Idioma: | English |
| Publicado: |
Cluj-Napoca [Romania] :
"Babes-Bolyai" University, Faculty of Mathematics and Computer Science,
1994.
|
| Etiquetas: |
Agregar Etiqueta
Sin Etiquetas, Sea el primero en etiquetar este registro!
|
| LEADER | 00825nam a22001935a 4500 | ||
|---|---|---|---|
| 001 | MAT.inmabb004152 | ||
| 008 | 070213s1994####rm#a#####b####100#0#eng#d | ||
| 005 | 20160530172054.0 | ||
| 245 | 1 | 0 | |a Proceedings of 23rd Conference on Geometry and Topology : |b Cluj-Napoca, September 27-29, 1993 / |c editors: D. Andrica, P. Enghis. |
| 260 | |a Cluj-Napoca [Romania] : |b "Babes-Bolyai" University, Faculty of Mathematics and Computer Science, |c 1994. | ||
| 300 | |a v, 222 p. : |b il. ; |c 28 cm. | ||
| 546 | |a En inglés, francés o rumano. | ||
| 504 | |a Incluye referencias bibliográficas. | ||
| 510 | 4 | |a MR, |c 96g:00031 | |
| 111 | 2 | |a Conference on Geometry and Topology |n (23ª : |d 1993 : |c Cluj-Napoca, Rumania) | |
| 700 | 1 | |a Andrica, D. |4 edt | |
| 700 | 1 | |a Enghis, P. |4 edt | |
| 084 | |a 53-06 (00B25) |2 msc2000 | ||
| 859 | |h 53 |i C748-23 |p A-7217 |b BIB. MATEMATICA | ||
